000 00727nam a2200229Ia 4500
001 15094
003 GE_BSU
008 181216s||||||||xx |||||||||||||| ||und||
040 _cGE_BSU
080 _a51(09)
100 _aВилейтнер,Г.
245 _aИстория математики от Декарта до середины XIX столетия
245 _cПод.ред.А.П.Юшкевича
260 _aМосква
260 _bНаука
260 _c1966
300 _a506стр.22см.
653 _aИстория математики от Декарта до середины XIX столетия
653 _aМатематика
653 _aმათემატიკა
942 _cBK
999 _c48212
_d48212